ARRUPE JESUIT UNIVERSITY

CORONAVIRUS -STOP THE SPREAD - CLEAN,DISINFECT,COVER
Normal view MARC view

Entry Personal Name

Number of records used in: 1

001 - CONTROL NUMBER

  • control field: 38843

003 - CONTROL NUMBER IDENTIFIER

  • control field: ARRUPE

005 - DATE AND TIME OF LATEST TRANSACTION

  • control field: 20180124104952.0

008 - FIXED-LENGTH DATA ELEMENTS

  • fixed length control field: 180124|| aca||aabn | a|a d

040 ## - CATALOGING SOURCE

  • Original cataloging agency: ARRUPE
  • Transcribing agency: ARRUPE

100 ## - HEADING--PERSONAL NAME

  • Personal name: Rouleau, François,
  • Dates associated with a name: 1919-

670 ## - SOURCE DATA FOUND

  • Source citation: Work cat.: (ARRUPE)0: Solovyov, Vladimir Sergeyevich, 1853-1900. 407, La Sophia et les autres écrits français /, c1978.

 

Arrupe Library. PO Box MP320 Mt Pleasant, Harare, Zimbabwe
263 242 745411|librarian@aju.ac.zw